JR西日本乗車人員top50(2024年度版) - Statistics

General Stats
  • This quiz has been taken 107 times
  • The average score is 38 of 50
Answer Stats
Answer % Correct
大阪
100%
京都
100%
三ノ宮
99%
神戸
99%
姫路
99%
新大阪
97%
高槻
95%
尼崎
95%
天王寺
93%
西明石
91%
岡山
89%
新今宮
89%
明石
89%
京橋
88%
鶴橋
88%
広島
88%
草津
88%
茨木
87%
山科
87%
南草津
86%
宝塚
84%
西九条
82%
福島
82%
吹田
82%
芦屋
80%
加古川
80%
森ノ宮
79%
博多
75%
弁天町
74%
元町
74%
天満
74%
王寺
72%
大正
71%
伊丹
68%
兵庫
68%
北新地
66%
塚本
64%
六甲道
63%
住吉
62%
福山
62%
ユニバーサルシティ
61%
新長田
59%
立花
55%
垂水
53%
石山
53%
岸辺
42%
千里丘
42%
住道
39%
大阪天満宮
32%
三国ケ丘
30%
No matching quizzes found
Score Distribution
Percent of People with Each Score
Percentile by Number Answered
Your Score History
You have not taken this quiz